| 000 | 00477nam a22001817a 4500 | ||
|---|---|---|---|
| 003 | OSt | ||
| 005 | 20250807160520.0 | ||
| 008 | 250807b |||||||| |||| 00| 0 eng d | ||
| 020 | _a978-0-143-46913-1 | ||
| 040 | _cSBCL | ||
| 082 |
_a821 _bRIT-I |
||
| 100 | _aRithvik Singh | ||
| 245 | _aI don't love you anymore | ||
| 260 |
_aIndia _bPenguin _c2024 |
||
| 300 | _a173p. | ||
| 650 |
_2Literature & rhetoric _aEnglish & Old English literatures _vEnglish poetry |
||
| 942 | _cBOOK | ||
| 999 |
_c137361 _d137361 |
||